000 00935nam a22003257a 4500
005 20210611112140.0
008 210611b xxu||||| |||| 00| 0 spa d
020 _a9788491711391
041 _aspa
082 _a1.10.14 S487m
100 _aSánchez Martínez, María
_960211
245 _aManual de marketing turístico
260 _aEspaña
260 _bSintesis
260 _c2018
300 _a268 páginas
650 _aMERCADOTECNIA TURÍTISCO
_960212
650 _aMARKETING TURÍSTICO
_91088
650 _aSERVUCCIÓN
_960213
650 _aINVESTIGACIÓN DE MERCADOS
_93416
650 _aSEGMENTACIÓN DE MERCADOS
_96113
650 _aPLAN DE MARKETING
_910008
650 _aPRODUCTO TURÍSTICO
_9931
650 _aPRECIO
_9637
650 _aDISTRUBUCIÓN
_960214
650 _aCOMUNICACIÓN
_9490
650 _aCALIDAD DE LOS SERVICIOS
_914328
650 _aDERECHOS DEL CONSUMIDOR
_960215
942 _cBK
999 _c13009
_d13009